| 000 | 01688nam a2200421 a 4500 | ||
|---|---|---|---|
| 001 | ebr10463021 | ||
| 003 | CaPaEBR | ||
| 006 | m u | ||
| 007 | cr cn||||||||| | ||
| 008 | 950817s1995 ne a sb 001 0 eng d | ||
| 010 | _z 95036112 | ||
| 020 | _z9027250448 (Eur. : alk. paper) | ||
| 020 | _z1556193254 (US : alk. paper) | ||
| 020 | _z9789027250445 | ||
| 020 | _z9789027285683 (e-book) | ||
| 040 |
_aCaPaEBR _cCaPaEBR |
||
| 035 | _a(OCoLC)713025933 | ||
| 050 | 1 | 4 |
_aP325 _b.E79 1995eb |
| 082 | 0 | 4 |
_a401/.43 _220 |
| 245 | 0 | 0 |
_aEssays in semantics and pragmatics _h[electronic resource] : _bin honor of Charles J. Fillmore / _cedited by Masayoshi Shibatani, Sandra Thompson. |
| 246 | 1 | 8 | _aSemantics and pragmatics |
| 260 |
_aAmsterdam ; _aPhiladelphia : _bJ. Benjamins Pub. Co., _cc1995. |
||
| 300 |
_ax, 330 p. : _bill. |
||
| 490 | 1 |
_aPragmatics & beyond, _x0922-842X ; _vnew ser., 32 |
|
| 500 | _aPapers in honor of C. Fillmore's sixty-fifth birthday in 1994. | ||
| 504 | _aIncludes bibliographical references and index. | ||
| 533 |
_aElectronic reproduction. _bPalo Alto, Calif. : _cebrary, _d2013. _nAvailable via World Wide Web. _nAccess may be limited to ebrary affiliated libraries. |
||
| 650 | 0 | _aSemantics. | |
| 650 | 0 | _aPragmatics. | |
| 650 | 0 | _aGrammar, Comparative and general. | |
| 655 | 7 |
_aElectronic books. _2local |
|
| 700 | 1 | _aFillmore, Charles J. | |
| 700 | 1 | _aShibatani, Masayoshi. | |
| 700 | 1 | _aThompson, Sandra A. | |
| 710 | 2 | _aebrary, Inc. | |
| 830 | 0 |
_aPragmatics & beyond ; _vnew ser., 32. |
|
| 856 | 4 | 0 |
_uhttp://site.ebrary.com/lib/rucke/Doc?id=10463021 _zAn electronic book accessible through the World Wide Web; click to view |
| 999 |
_c130318 _d130318 |
||